Informe de encuesta. Opinión pública y cultura política /
Spremljeno u:
| Autori kompanije: | , |
|---|---|
| Format: | Tekst |
| Izdano: |
Santiago:
FLACSO. CED
|
| Oznake: |
Dodaj oznaku
Bez oznaka, Budi prvi tko označuje ovaj zapis!
|
MARC
| LEADER | 00000 a a2200000 04500 | ||
|---|---|---|---|
| 001 | 23179 | ||
| 003 | |||
| 040 | |a CRAI/IIS |c CRAI/IIS | ||
| 090 | |a 160100 | ||
| 110 | |a FLACSO | ||
| 245 | |a Informe de encuesta. Opinión pública y cultura política / |c FLACSO | ||
| 260 | |a Santiago: |b FLACSO. CED | ||
| 300 | |a 85 p. |b **no definido** | ||
| 710 | |a Centro de Estudios del Desarrollo | ||
| 999 | |c 3361 |d 3361 | ||
